[Event "Montreal Mercredi 10"]
[Site "Montreal"]
[Date "2018.10.24"]
[Round "3"]
[White "Biakolo, Lima"]
[Black "Barko, Maxim"]
[Result "1/2-1/2"]
[WhiteElo "1919"]
[BlackElo "1955"]
[PlyCount "22"]
[EventDate "2018.10.10"]
[EventType "swiss"]
[EventRounds "5"]
[EventCountry "CAN"]
[SourceTitle "EXT 2022"]
[Source "ChessBase"]
[SourceDate "2021.10.06"]
[SourceVersion "1"]
[SourceVersionDate "2021.10.06"]
[SourceQuality "1"]

1. d4 Nf6 2. c4 e5 3. dxe5 Ng4 4. Bf4 Nc6 5. Nf3 Bb4+ 6. Nc3 Bxc3+ 7. bxc3 d6 8. exd6 Qf6 9. Qd2 0-0 10. dxc7 Re8 11. Bg5 Qf5 1/2-1/2

[Event "Montcalm-ch"]
[Site "Quebec"]
[Date "2014.05.15"]
[Round "4"]
[White "Lessard, Claude"]
[Black "Biakolo, Lima"]
[Result "1/2-1/2"]
[WhiteElo "2004"]
[BlackElo "1996"]
[PlyCount "104"]
[EventDate "2014.05.07"]
[EventType "tourn"]
[EventRounds "5"]
[EventCountry "CAN"]
[SourceTitle "EXT 2022"]
[Source "ChessBase"]
[SourceDate "2021.10.06"]
[SourceVersion "1"]
[SourceVersionDate "2021.10.06"]
[SourceQuality "1"]

1. e4 c6 2. d4 d5 3. e5 c5 4. dxc5 Nc6 5. Bb5 a6 6. Bxc6+ bxc6 7. b4 a5 8. c3 g6 9. f4 Bg7 10. Nf3 Ba6 11. Nd4 Qc8 12. Qa4 axb4 13. Qxc6+ Qxc6 14. Nxc6 bxc3 15. Nxc3 e6 16. Nd4 Ne7 17. Ncb5 Kd7 18. a4 f6 19. Nc7 fxe5 20. Ndxe6 e4 21. Nxg7 Kxc7 22. Bb2 Kc6 23. Be5 Kd7 24. Kf2 Nc6 25. Rhb1 Nxe5 26. fxe5 Rhg8 27. Rb6 Rxg7 28. Rab1 Rf7+ 29. Ke3 Rf1 30. Rxa6 Rxa6 31. Rxf1 Rxa4 32. Rc1 Kc6 33. e6 g5 34. Rc2 h5 35. h3 h4 36. e7 Ra8 37. Kd4 Re8 38. Rb2 Rxe7 39. Rb6+ Kc7 40. Kxd5 e3 41. Rb1 Rd7+ 42. Ke4 Rd2 43. Kxe3 Rxg2 44. Rf1 Rh2 45. Rf3 Rh1 46. Ke4 Kc6 47. Kd4 Rd1+ 48. Ke4 Kxc5 49. Rf5+ Kd6 50. Rxg5 Rh1 51. Rd5+ Ke6 52. Rd3 Rf1 1/2-1/2

[Event "Quebec Montcalm op 4 2013-14"]
[Site "Quebec"]
[Date "2014.01.30"]
[Round "4"]
[White "Biakolo, Lima"]
[Black "Lessard, Claude"]
[Result "1-0"]
[WhiteElo "1970"]
[BlackElo "2001"]
[PlyCount "74"]
[EventDate "2014.01.09"]
[EventType "swiss"]
[EventRounds "5"]
[EventCountry "CAN"]
[SourceTitle "EXT 2022"]
[Source "ChessBase"]
[SourceDate "2021.10.06"]
[SourceVersion "1"]
[SourceVersionDate "2021.10.06"]
[SourceQuality "1"]

1. e4 c5 2. Nf3 d6 3. d4 cxd4 4. Nxd4 Nf6 5. Nc3 g6 6. f3 Bg7 7. Be3 0-0 8. g4 Nc6 9. Qd2 Bxg4 10. fxg4 Nxg4 11. Nf3 Nb4 12. Bd3 Rc8 13. 0-0 Nxe3 14. Qxe3 Nxd3 15. cxd3 Qa5 16. Nd5 Rfe8 17. d4 e6 18. Nc3 Rc4 19. Rad1 Qb6 20. Qf2 Rec8 21. e5 d5 22. Ng5 Rf8 23. Rd3 f6 24. Nxh7 Kxh7 25. Qh4+ Bh6 26. Rxf6 Rxf6 27. Qxf6 Rxd4 28. Rxd4 Qxd4+ 29. Kg2 Qd2+ 30. Kg3 Qd3+ 31. Kg2 Qd2+ 32. Kg3 Qe1+ 33. Kg2 d4 34. Qe7+ Bg7 35. Qxe6 dxc3 36. Qh3+ Kg8 37. Qe6+ Kh7 1-0

[Event "Ste Foy Samedi 01"]
[Site "Ste Foy"]
[Date "2014.01.18"]
[Round "2"]
[White "Dube, Daniel"]
[Black "Biakolo, Lima"]
[Result "1-0"]
[WhiteElo "1709"]
[BlackElo "1970"]
[PlyCount "113"]
[EventDate "2014.01.11"]
[EventType "swiss"]
[EventRounds "5"]
[EventCountry "CAN"]
[SourceTitle "EXT 2022"]
[Source "ChessBase"]
[SourceDate "2021.10.06"]
[SourceVersion "1"]
[SourceVersionDate "2021.10.06"]
[SourceQuality "1"]

1. b3 c5 2. Bb2 Nf6 3. e3 e6 4. f4 d5 5. Nf3 Nc6 6. Bb5 Bd7 7. 0-0 g6 8. Bxc6 Bxc6 9. Ne5 Bg7 10. c4 0-0 11. Na3 Be8 12. Qc2 Rc8 13. d3 a6 14. Rad1 b5 15. Qb1 b4 16. Nc2 Qc7 17. Qa1 Qe7 18. Ng4 Nh5 19. Bxg7 Nxg7 20. Nf6+ Kh8 21. Qe5 dxc4 22. dxc4 Rd8 23. Rxd8 Qxd8 24. Qxc5 Bc6 25. Nd4 Ba8 26. Qe5 Qe7 27. c5 Rc8 28. Rc1 Qc7 29. Qxc7 Rxc7 30. g4 Bc6 31. Nxc6 Rxc6 32. e4 e5 33. Nd5 Ne6 34. Nxb4 Rxc5 35. Rxc5 Nxc5 36. fxe5 Kg7 37. Kg2 a5 38. Nc6 a4 39. bxa4 Nxa4 40. Kf3 g5 41. Ke3 Kf8 42. Kd4 Ke8 43. Nb4 Ke7 44. Nd5+ Kf8 45. Nc3 Nb6 46. a4 Nd7 47. a5 Nb8 48. Kd5 Ke7 49. Na4 Na6 50. Nc5 Nb4+ 51. Kc4 Nc6 52. a6 Na7 53. Kd5 h6 54. Nb7 Kd7 55. Nd6 Ke7 56. Kc5 Kd7 57. Kb6 1-0

[Event "Quebec Montcalm op"]
[Site "Quebec"]
[Date "2014.01.11"]
[Round "2"]
[White "Biakolo, Lima"]
[Black "Dorion, Francois"]
[Result "1-0"]
[WhiteElo "1934"]
[BlackElo "1653"]
[PlyCount "65"]
[EventDate "2014.01.10"]
[EventType "swiss"]
[EventRounds "5"]
[EventCountry "CAN"]
[SourceTitle "EXT 2022"]
[Source "ChessBase"]
[SourceDate "2021.10.06"]
[SourceVersion "1"]
[SourceVersionDate "2021.10.06"]
[SourceQuality "1"]

1. e4 e5 2. Nf3 Nc6 3. Bb5 Nd4 4. Nxd4 exd4 5. 0-0 c6 6. Bc4 b5 7. Bb3 d6 8. d3 Nf6 9. Qe1 a5 10. a4 b4 11. Bg5 Be7 12. Nd2 0-0 13. Nf3 h6 14. Bh4 c5 15. h3 Ra7 16. Nd2 Nh5 17. Bxe7 Rxe7 18. f4 Bb7 19. Qh4 Nf6 20. Rf3 Kh7 21. g4 Ng8 22. g5 f5 23. gxf6 Rxf6 24. Kf2 Qf8 25. Rg1 Rd7 26. Qg4 Qe7 27. Nc4 d5 28. Ne5 dxe4 29. Qxd7 e3+ 30. Ke1 Qxd7 31. Nxd7 Rd6 32. Nf8+ Kh8 33. Rfg3 1-0